[Event "Vojvodina-chT"]
[Site "Kac"]
[Date "2014.11.14"]
[Round "10.6"]
[White "Cvetkovic, Slavko"]
[Black "Bogic, Stevan"]
[Result "0-1"]
[WhiteElo "2217"]
[BlackElo "2199"]
[PlyCount "106"]
[EventDate "2014.11.08"]
[EventType "team-tourn"]
[EventRounds "11"]
[EventCountry "SRB"]
[SourceTitle "EXT 2017"]
[Source "ChessBase"]
[SourceDate "2016.10.25"]
[SourceVersion "1"]
[SourceVersionDate "2016.10.25"]
[SourceQuality "1"]

1. d4 Nf6 2. Nf3 g6 3. c3 d6 4. Bf4 Nh5 5. Bg3 Nxg3 6. hxg3 Bg7 7. e3 Nd7 8. Bc4 c6 9. Nbd2 d5 10. Bd3 e5 11. dxe5 Nxe5 12. Nxe5 Bxe5 13. Nf3 Bg7 14. Qc2 Bg4 15. Be2 Qa5 16. Nd4 Bd7 17. 0-0 0-0 18. Bf3 Rad8 19. Rfd1 Qb6 20. a4 a5 21. Rd2 Rfe8 22. Rad1 Bh6 23. Qb3 Qc7 24. c4 c5 25. Nb5 Bxb5 26. Qxb5 d4 27. Qxb7 Qxb7 28. Bxb7 Rb8 29. Bc6 Re6 30. Bb5 dxe3 31. Rd8+ Rxd8 32. Rxd8+ Kg7 33. fxe3 Bxe3+ 34. Kh2 h5 35. Rd3 Bc1 36. Rd5 Be3 37. Rd3 Bd4 38. b3 g5 39. Bd7 Re1 40. g4 Be5+ 41. g3 h4 42. Kg2 Bxg3 43. Bc6 Bf4 44. Kf2 Rb1 45. Bg2 Rb2+ 46. Kf1 Bg3 47. Bd5 f5 48. Bf3 Kf6 49. Be2 f4 50. Bf3 h3 51. Bc6 Ke6 52. Bd5+ Ke5 53. Bc6 h2 0-1

[Event "Vojvodina-chT"]
[Site "Kac"]
[Date "2014.11.13"]
[Round "8.6"]
[White "Cvetkovic, Slavko"]
[Black "Krejic, Igor"]
[Result "0-1"]
[WhiteElo "2217"]
[BlackElo "2213"]
[PlyCount "118"]
[EventDate "2014.11.08"]
[EventType "team-tourn"]
[EventRounds "11"]
[EventCountry "SRB"]
[SourceTitle "EXT 2017"]
[Source "ChessBase"]
[SourceDate "2016.10.25"]
[SourceVersion "1"]
[SourceVersionDate "2016.10.25"]
[SourceQuality "1"]

1. d4 Nf6 2. Nf3 e6 3. c3 c5 4. g3 Nc6 5. Bg2 d5 6. Ne5 Bd6 7. f4 Qc7 8. e3 0-0 9. 0-0 Ne4 10. Nd2 Nxd2 11. Bxd2 f6 12. Nxc6 Qxc6 13. b4 b6 14. a4 cxb4 15. cxb4 Bd7 16. Qb3 b5 17. Rfc1 Qb7 18. a5 a6 19. f5 Rac8 20. fxe6 Bxe6 21. Qd3 Qe7 22. Qb3 Rc4 23. Rxc4 dxc4 24. Qb2 Bf5 25. Re1 Be4 26. Bc3 Re8 27. Qd2 Bxg2 28. Kxg2 Qe4+ 29. Kg1 Qd5 30. Qg2 Qxg2+ 31. Kxg2 Re4 32. Kf3 f5 33. Rd1 h5 34. h3 Bxg3 35. d5 Bd6 36. Rg1 Be5 37. Bxe5 Rxe5 38. Rg6 Rxd5 39. Rxa6 Rd2 40. Rb6 Rb2 41. Rxb5 c3 42. Rc5 Rxb4 43. Rxc3 Ra4 44. Rc5 g6 45. Rc6 Kg7 46. a6 Kh6 47. Rd6 h4 48. Ke2 Ra3 49. Kf3 Kg5 50. Rc6 Ra5 51. Ke2 Ra3 52. Kf3 Kh5 53. Kf4 Ra5 54. Rf6 g5+ 55. Kf3 g4+ 56. hxg4+ fxg4+ 57. Kf4 g3 58. Rb6 g2 59. Rb1 Rxa6 0-1

[Event "Vojvodina-chT"]
[Site "Kac"]
[Date "2014.11.09"]
[Round "2"]
[White "Perisic, Radivoj"]
[Black "Cvetkovic, Slavko"]
[Result "1-0"]
[WhiteElo "2323"]
[BlackElo "2217"]
[PlyCount "83"]
[EventDate "2014.11.08"]
[EventType "team-tourn"]
[EventRounds "11"]
[EventCountry "SRB"]
[SourceTitle "EXT 2016"]
[Source "ChessBase"]
[SourceDate "2015.10.08"]
[SourceVersion "1"]
[SourceVersionDate "2015.10.08"]
[SourceQuality "1"]

1. e4 e6 2. d4 d5 3. Nc3 Nf6 4. Bg5 Be7 5. e5 Nfd7 6. Bxe7 Qxe7 7. Qd2 a6 8. f4 g6 9. Nf3 c5 10. dxc5 Nxc5 11. Bd3 Nc6 12. 0-0 Qc7 13. Qf2 Ne7 14. Rfd1 h5 15. Ne2 Bd7 16. Ned4 Nf5 17. Rac1 b5 18. c3 Nxd3 19. Rxd3 Qc4 20. Rcd1 Qxa2 21. Nxf5 gxf5 22. Qh4 Qc4 23. Qf6 Rg8 24. Ng5 Qc5+ 25. Kh1 Qe7 26. Nh7 Bc6 27. Rd4 h4 28. R1d3 Rg6 29. Qh8+ Kd7 30. Nf6+ Kc7 31. Qxh4 Qf8 32. Qf2 Kb7 33. Rg3 Rxg3 34. Qxg3 a5 35. h4 a4 36. h5 a3 37. bxa3 Rxa3 38. Qg8 Qc5 39. Qxf7+ Kb6 40. Qxe6 Ka5 41. Nxd5 Ra4 42. Qd6 1-0